000 00579nam a22001697a 4500
003 UA-OsUOA
001 7209
007 ta
008 20040614b un ||||| |||| 00| 0 ukr d
942 _cSA
040 _aUA-OsUOA
_cUA-OsUOA
_dUA-OsUOA
245 _aУспіх березнівського лучника
_b[Про майстра спорту України зі стрільби з лука Хавтура В.]
300 _aС.4
955 _a0
773 0 _w0
_tВісті Рівненщини
_dРівне
_d2004
_g№51/2 черв./
650 7 _aСтрільба з лука
_2UDC
999 _c293370
_d293370